48 4000 Footers of New Hampshire - Statistics

General Stats
  • This quiz has been taken 40 times
  • The average score is 38 of 48
Answer Stats
Rank Elevation (ft) Name % Correct
2 5774 Adams
100%
3 5712 Jefferson
100%
7 5089 Lincoln
100%
4 5384 Monroe
100%
1 6288 Washington
100%
6 5260 Lafayette
96%
11 4780 Eisenhower
92%
5 5367 Madison
92%
27 4310 Pierce
92%
10 4802 Moosilauke
88%
14 4698 Bond
83%
30 4265 Bondcliff
83%
36 4100 Cannon
83%
18 4459 Liberty
83%
24 4340 Osceola
83%
31 4260 Zealand
83%
25 4328 Flume
79%
17 4500 Garfield
79%
21 4420 Hancock
79%
38 4052 Jackson
79%
19 4430 South Carter
79%
16 4540 West Bond
79%
33 4170 Cabot
75%
32 4180 North Tripyramid
75%
42 4043 Passaconaway
75%
48 4003 Tecumseh
75%
39 4051 Tom
75%
45 4020 Whiteface
75%
20 4422 Wildcat A
75%
40 4050 Wildcat D
75%
13 4700 Carrigain
71%
23 4340 Field
71%
44 4024 Galehead
71%
37 4054 Hale
71%
47 4004 Isolation
71%
35 4140 Middle Tripyramid
71%
41 4049 Moriah
71%
28 4293 North Kinsman
71%
43 4025 Owl's Head
71%
22 4358 South Kinsman
71%
8 4902 South Twin
71%
46 4006 Waumbek
71%
29 4285 Willey
71%
9 4832 Carter Dome
67%
34 4156 East Osceola
67%
12 4761 North Twin
67%
26 4319 South Hancock
67%
15 4610 Middle Carter
58%
No matching quizzes found
Score Distribution
Percent of People with Each Score
Percentile by Number Answered
Your Score History
You have not taken this quiz